|
|
|
|
| LEADER |
02043nam a2200481 i 4500 |
| 001 |
nkc20223406668 |
| 003 |
CZ PrNK |
| 005 |
20220607084839.0 |
| 007 |
ta |
| 008 |
220323s2022 xr ah e f 000 0 cze |
| 015 |
|
|
|a cnb003406668
|
| 020 |
|
|
|a 978-80-7028-565-7
|q (vázáno)
|
| 035 |
|
|
|a (OCoLC)1329409518
|
| 040 |
|
|
|a BOA001
|b cze
|e rda
|
| 072 |
|
7 |
|a 641
|x Kuchařství. Potraviny. Vařená jídla
|2 Konspekt
|9 19
|
| 080 |
|
|
|a 641.55
|2 MRF
|
| 080 |
|
|
|a (083.12)
|2 MRF
|
| 080 |
|
|
|a (082.2)
|2 MRF
|
| 100 |
1 |
|
|a Ondráčková, Luisa
|7 mzk2002162326
|4 aut
|
| 245 |
1 |
0 |
|a Kuchařka pro Mendela /
|c nejnovější ilustrovaná kuchařská kniha Luisy Ondráčkové ; Jiří Sekerák, Jana Daňková, Zdeněk Drahoš (eds.)
|
| 250 |
|
|
|a Vydání první
|
| 264 |
|
1 |
|a Brno :
|b Moravské zemské muzeum,
|c 2022
|
| 300 |
|
|
|a 399 stran :
|b ilustrace (některé barevné), faksimile ;
|c 31 cm
|
| 336 |
|
|
|a text
|b txt
|2 rdacontent
|
| 337 |
|
|
|a bez média
|b n
|2 rdamedia
|
| 338 |
|
|
|a svazek
|b nc
|2 rdacarrier
|
| 500 |
|
|
|a "Podle původního V. upraveného vydání Nejnovější ilustrované kuchařské knihy Luisy Ondráčkové z roku 1928 s přihlédnutím k dalším vydáním z let 1914-1937"--Tiráž
|
| 500 |
|
|
|a Vydáno u příležitosti dvoustého výročí narození Gregora Johanna Mendela 2022
|
| 650 |
0 |
7 |
|a jídla
|7 ph114847
|2 czenas
|
| 650 |
0 |
9 |
|a meals
|2 eczenas
|
| 655 |
|
7 |
|a kuchařské recepty
|7 fd132687
|2 czenas
|
| 655 |
|
7 |
|a jubilejní publikace
|7 fd131839
|2 czenas
|
| 655 |
|
9 |
|a cookbooks
|2 eczenas
|
| 655 |
|
9 |
|a jubilee books
|2 eczenas
|
| 700 |
1 |
|
|a Sekerák, Jiří,
|d 1962-
|7 mzk2005269571
|4 edt
|
| 700 |
1 |
|
|a Daňková, Jana
|7 mzk20221147635
|4 edt
|
| 700 |
1 |
|
|a Drahoš, Zdeněk,
|d 1960-
|7 jn20000400534
|4 edt
|
| 910 |
2 |
|
|a BOA001
|b 4-1484.580
|
| 990 |
|
|
|a BK
|
| 995 |
|
|
|a 01
|
| 991 |
|
|
|b 202205
|c NOV
|
| 996 |
6 |
|
|b 2610900348
|c 4-1484.580
|l MZK
|r Sklad / do 1 hodiny
|n 1
|p p.v.
|w 001884162
|u 000010
|a 1
|e BOA001
|j MZK50
|s P
|
| 996 |
7 |
|
|b 2610900349
|c 4-1484.580
|l MZK
|r Sklad / do 1 hodiny
|n 4
|p p.v.
|w 001884162
|u 000020
|a 1
|e BOA001
|j MZK50
|s A
|